Artists in Ed Sheeran's No. 6 collaborations - Statistics

General Stats
  • This quiz has been taken 57 times
  • The average score is 9 of 15
Answer Stats
Song Artist(s) % Correct
I Don't Care Justin Bieber
92%
South of the Border Camila Cabello & Cardi B
85%
Remember the Name Eminem & 50 Cent
77%
Beautiful People Khalid
77%
Take Me Back to London Stormzy
69%
Antisocial Travis Scott
69%
Blow Bruno Mars & Chris Stapleton
63%
Cross Me Chance the Rapper & PnB Rock
56%
Best Part of Me Yebba
50%
I Don't Want Your Money H.E.R.
44%
Put It All on Me Ella Mai
42%
1000 Nights Meek Mill & A Boogie With Da Hoodie
40%
Way to Break My Heart Skrillex
40%
Feels Young Thug & J Hus
35%
Nothing on You Paulo Londra & Dave
29%
No matching quizzes found
Score Distribution
Percent of People with Each Score
Percentile by Number Answered
Your Score History
You have not taken this quiz